<?xml version="1.0" encoding="UTF-8"?><?xml-stylesheet type="text/xsl" href="static/style.xsl"?><OAI-PMH xmlns="http://www.openarchives.org/OAI/2.0/" xmlns:xsi="http://www.w3.org/2001/XMLSchema-instance" xsi:schemaLocation="http://www.openarchives.org/OAI/2.0/ http://www.openarchives.org/OAI/2.0/OAI-PMH.xsd"><responseDate>2026-04-19T10:18:28Z</responseDate><request verb="GetRecord" identifier="oai:riubu.ubu.es:10259/10796" metadataPrefix="marc">https://riubu.ubu.es/oai/request</request><GetRecord><record><header><identifier>oai:riubu.ubu.es:10259/10796</identifier><datestamp>2025-08-20T00:05:36Z</datestamp><setSpec>com_10259_5088</setSpec><setSpec>com_10259_2728</setSpec><setSpec>col_10259_2764</setSpec></header><metadata><record xmlns="http://www.loc.gov/MARC21/slim" xmlns:doc="http://www.lyncode.com/xoai" xmlns:xsi="http://www.w3.org/2001/XMLSchema-instance" xmlns:dcterms="http://purl.org/dc/terms/" xsi:schemaLocation="http://www.loc.gov/MARC21/slim http://www.loc.gov/standards/marcxml/schema/MARC21slim.xsd">
<leader>00925njm 22002777a 4500</leader>
<datafield tag="042" ind1=" " ind2=" ">
<subfield code="a">dc</subfield>
</datafield>
<datafield tag="720" ind1=" " ind2=" ">
<subfield code="a">García de Diego, Elena</subfield>
<subfield code="e">author</subfield>
</datafield>
<datafield tag="260" ind1=" " ind2=" ">
<subfield code="c">2025-06-26</subfield>
</datafield>
<datafield tag="520" ind1=" " ind2=" ">
<subfield code="a">El presente Trabajo de Fin de Máster tiene como objetivo diseñar un club de lectura extraescolar&#xd;
para el alumnado de 1º de Bachillerato, centrado en tres figuras femeninas de la Odisea:&#xd;
Penélope, Circe y Helena. Siguiendo el calendario escolar, se abordarán tres novelas&#xd;
contemporáneas, una por trimestre, seleccionadas por su accesibilidad, interés y capacidad para&#xd;
captar a un alumnado joven: Penélope y las doce criadas (Atwood, 2005), Circe (Miller, 2019)&#xd;
y Helena de Esparta (Minutilli, 2020). A través de estas obras, las autoras reinterpretan las&#xd;
fuentes clásicas, proponiendo que sean los personajes femeninos quienes cuenten, en primera&#xd;
persona, su propia historia.&#xd;
El trabajo busca, mediante la lectura y posterior coloquio de las obras, construir un espacio&#xd;
compartido para el disfrute y aprendizaje. La selección propuesta permitirá explorar, debatir y&#xd;
redescubrir la literatura clásica desde nuevas perspectivas, permitiendo fomentar el&#xd;
pensamiento crítico y la sensibilización en cuestiones de género.</subfield>
</datafield>
<datafield tag="520" ind1=" " ind2=" ">
<subfield code="a">The present Master’s Thesis aims to design an extracurricular reading club for first‐year&#xd;
Bachillerato students, centered on three female figures from the Odyssey: Penelope, Circe and&#xd;
Helen. Aligned with the academic calendar, three contemporary novels will be chosen for their&#xd;
accessibility, appeal and ability to engage a young audience: The Penelopiad (Atwood, 2005),&#xd;
Circe (Miller, 2019), and Helen of Sparta (Minutilli, 2020). Through these works, the authors&#xd;
approach and reinterpret the classical sources by giving voice, in the first person, to their female&#xd;
characters.&#xd;
This project seeks, through the reading and subsequent discussion of these texts, to create a&#xd;
shared space for enjoyment and learning. The selected works will allow participants to explore,&#xd;
debate and rediscover classical literature from fresh perspectives, fostering critical thinking and&#xd;
raising awareness of gender issues.</subfield>
</datafield>
<datafield tag="024" ind2=" " ind1="8">
<subfield code="a">https://hdl.handle.net/10259/10796</subfield>
</datafield>
<datafield ind1=" " ind2=" " tag="653">
<subfield code="a">Odisea</subfield>
</datafield>
<datafield ind1=" " ind2=" " tag="653">
<subfield code="a">Penélope</subfield>
</datafield>
<datafield ind1=" " ind2=" " tag="653">
<subfield code="a">Circe</subfield>
</datafield>
<datafield ind1=" " ind2=" " tag="653">
<subfield code="a">Helena</subfield>
</datafield>
<datafield ind1=" " ind2=" " tag="653">
<subfield code="a">Club de lectura escolar</subfield>
</datafield>
<datafield ind1=" " ind2=" " tag="653">
<subfield code="a">Reinterpretaciones</subfield>
</datafield>
<datafield ind1=" " ind2=" " tag="653">
<subfield code="a">Odyssey</subfield>
</datafield>
<datafield ind1=" " ind2=" " tag="653">
<subfield code="a">Penelope</subfield>
</datafield>
<datafield ind1=" " ind2=" " tag="653">
<subfield code="a">Helen</subfield>
</datafield>
<datafield ind1=" " ind2=" " tag="653">
<subfield code="a">School reading club</subfield>
</datafield>
<datafield ind1=" " ind2=" " tag="653">
<subfield code="a">Reinterpretations</subfield>
</datafield>
<datafield tag="245" ind1="0" ind2="0">
<subfield code="a">Las mujeres de la Odisea: un club de lectura extraescolar</subfield>
</datafield>
</record></metadata></record></GetRecord></OAI-PMH>